[Event "X Open"]
[Site "Crema ITA"]
[Date "2008.09.05"]
[Round "1"]
[White "Ninov, Nikolai Ivanov"]
[Black "Cecchini, Massimo S."]
[Result "1-0"]
[WhiteElo "2515"]
[BlackElo "1762"]
[PlyCount "65"]
[EventDate "2008.09.05"]

1. e4 c6 2. d4 d5 3. Nc3 dxe4 4. Nxe4 Bf5 5. Ng3 Bg6 6. h4 h6 7. f4 Qc7 8. Nf3
Nd7 9. h5 Bh7 10. Bc4 e6 11. Qe2 Ne7 12. Ne5 Nd5 13. O-O N7f6 14. Bb3 O-O-O 15.
c4 Nb6 16. Be3 c5 17. dxc5 Bxc5 18. Rad1 Bf5 19. Nxf5 exf5 20. Bxc5 Qxc5+ 21.
Qf2 Qxf2+ 22. Rxf2 Rxd1+ 23. Bxd1 Ne4 24. Re2 f6 25. Ng6 Rd8 26. Bc2 Rd4 27.
Ne7+ Kc7 28. Nxf5 Rxc4 29. Bxe4 Nc8 30. Nxg7 Nd6 31. Rc2 Rxc2 32. Bxc2 Nc4 33.
Nf5 1-0

[Event "X Open"]
[Site "Crema ITA"]
[Date "2008.09.05"]
[Round "1"]
[White "Panizzi, Giuseppe"]
[Black "Bonassi, Tommaso"]
[Result "1-0"]
[WhiteElo "2101"]
[BlackElo "1695"]
[PlyCount "93"]
[EventDate "2008.09.05"]

1. Nf3 Nf6 2. d4 e6 3. c4 b6 4. Bg5 Be7 5. e3 Bb7 6. Bd3 O-O 7. Qc2 h6 8. Bh4
d6 9. e4 Nbd7 10. Nc3 Nh5 11. Bg3 Re8 12. Ne2 Rc8 13. O-O e5 14. dxe5 Nxg3 15.
Nxg3 dxe5 16. Rad1 Bd6 17. a3 a5 18. Rfe1 Nc5 19. Nf5 Bc6 20. Qe2 Qf6 21. Bc2
Rcd8 22. Nxd6 Rxd6 23. Rxd6 cxd6 24. Rd1 Rd8 25. b4 axb4 26. axb4 Ne6 27. Qe3
Qf4 28. Qxf4 Nxf4 29. Nxe5 Bb7 30. f3 f6 31. Ng4 h5 32. Ne3 g6 33. c5 bxc5 34.
bxc5 Ne2+ 35. Kf2 Nc3 36. Rd3 Nb5 37. Ba4 Ba6 38. Bxb5 Bxb5 39. Rd2 Rd7 40.
Rxd6 Rxd6 41. cxd6 Kf7 42. Nd5 Bd7 43. Nc7 f5 44. e5 g5 45. g3 g4 46. f4 Bc8
47. Ke3 1-0

[Event "X Open"]
[Site "Crema ITA"]
[Date "2008.09.05"]
[Round "1"]
[White "Panjkovic, Aleksandar"]
[Black "Casale, Anania"]
[Result "1-0"]
[WhiteElo "2148"]
[BlackElo "1743"]
[PlyCount "95"]
[EventDate "2008.09.05"]

1. Nf3 Nf6 2. g3 d5 3. Bg2 e6 4. O-O Bd6 5. d3 O-O 6. Nbd2 Nbd7 7. e4 dxe4 8.
dxe4 e5 9. Re1 Nb6 10. b3 c6 11. Bb2 Re8 12. c4 Bg4 13. Qc2 Nbd7 14. a3 Qc7 15.
Nf1 Bh5 16. Ne3 Bg6 17. Nh4 Rad8 18. b4 c5 19. Nxg6 hxg6 20. b5 Nf8 21. Nd5 Qb8
22. Bh3 Ne6 23. Bxe6 Rxe6 24. Rad1 b6 25. Bc1 Nd7 26. Rd3 f5 27. Rf3 f4 28. g4
g5 29. Rh3 Rh6 30. Qd3 Kf7 31. Rxh6 gxh6 32. Rd1 Nf6 33. f3 Bc7 34. Qf1 Bd6 35.
Bb2 Kg7 36. Qh3 Bf8 37. Qf1 Bd6 38. Nxf6 Kxf6 39. Rd5 Bc7 40. Qd3 Rxd5 41. exd5
Qf8 42. Qf5+ Ke7 43. Qe6+ Kd8 44. Bxe5 Bxe5 45. Qxe5 Qf7 46. Qb8+ Ke7 47. Qxa7+
Kf6 48. Qxb6+ 1-0

[Event "X Open"]
[Site "Crema ITA"]
[Date "2008.09.05"]
[Round "1"]
[White "Quagliarella, Sabino Remo"]
[Black "Vuckovic, Dimitrije"]
[Result "1-0"]
[WhiteElo "1925"]
[BlackElo "1500"]
[PlyCount "137"]
[EventDate "2008.09.05"]

1. d4 Nf6 2. Nf3 g6 3. g3 Bg7 4. Bg2 d6 5. O-O O-O 6. Nbd2 Nbd7 7. e4 a6 8. Re1
e5 9. c3 b5 10. b3 c6 11. Ba3 Ne8 12. Rc1 Bb7 13. dxe5 Nxe5 14. Nxe5 Bxe5 15.
Nf3 f6 16. Nxe5 fxe5 17. Rc2 Qf6 18. Bc1 Ng7 19. Be3 Rad8 20. Rd2 Rd7 21. Bh3
Rff7 22. Bxd7 Rxd7 23. f3 Bc8 24. Kg2 Ne8 25. Qe2 Rf7 26. c4 bxc4 27. bxc4 c5
28. Rb2 Qe6 29. Kg1 Kg7 30. f4 h5 31. fxe5 Qxe5 32. Reb1 Nf6 33. Rb8 Bg4 34.
Qb2 Qxe4 35. Bg5 Qd4+ 36. Qxd4 cxd4 37. Bxf6+ Rxf6 38. R1b7+ Kh6 39. h4 g5 40.
Rh8+ Kg6 41. Rg8+ Kf5 42. hxg5 Re6 43. Rf7+ Ke4 44. Rf6 d3 45. Rxe6+ Bxe6 46.
Re8 Kf5 47. Rd8 Ke5 48. Kf2 Bxc4 49. Ke3 a5 50. a3 Kf5 51. Rf8+ Kxg5 52. Rf4 d5
53. Rh4 Kf6 54. Kd2 Kg5 55. Rf4 Kg6 56. Kc3 Kg5 57. a4 Kg6 58. Rf8 Kg5 59. Rf4
Kg6 60. Kd2 Kg5 61. Ke3 Kg6 62. Rd4 Kg5 63. Kf3 Kf5 64. Rf4+ Ke5 65. Ke3 Ke6
66. Rh4 Kf5 67. Rxh5+ Kg4 68. Rh8 Kxg3 69. Ra8 1-0

[Event "X Open"]
[Site "Crema ITA"]
[Date "2008.09.05"]
[Round "1"]
[White "Stradiotti, Maurizio"]
[Black "Brugo, Marco"]
[Result "0-1"]
[WhiteElo "1697"]
[BlackElo "2107"]
[PlyCount "78"]
[EventDate "2008.09.05"]

1. d4 Nf6 2. Nf3 c5 3. d5 g6 4. c4 d6 5. Nc3 Bg7 6. e4 e6 7. Bg5 O-O 8. Be2 h6
9. Bd2 exd5 10. cxd5 Re8 11. Bd3 c4 12. Bc2 Bf5 13. Qe2 Nxe4 14. Nxe4 Bxe4 15.
Be3 Qa5+ 16. Kf1 Bxd5 17. Rd1 Nc6 18. Bb1 Rad8 19. h4 f5 20. g3 Ne5 21. Rxd5
Qxd5 22. Kg2 Qxf3+ 23. Qxf3 Nxf3 24. Kxf3 Bxb2 25. Bxh6 d5 26. h5 d4 27. hxg6
d3 28. a4 Bg7 29. Bg5 Rd6 30. Ba2 Rc6 31. Rd1 Re4 32. Kg2 Kf8 33. Be3 Bb2 34.
Bh6+ Bg7 35. Be3 c3 36. Rb1 Rc7 37. Bb3 c2 38. Rh1 Rxe3 39. fxe3 d2 0-1

[Event "X Open"]
[Site "Crema ITA"]
[Date "2008.09.05"]
[Round "1"]
[White "Vishanji, Franz"]
[Black "Ranzato, Paolo"]
[Result "0-1"]
[WhiteElo "1422"]
[BlackElo "1801"]
[PlyCount "64"]
[EventDate "2008.09.05"]

1. e4 e6 2. e5 d5 3. d4 c5 4. Bb5+ Nc6 5. Nf3 Nge7 6. Bg5 Qa5+ 7. Nc3 Nf5 8.
O-O cxd4 9. Nxd4 Nfxd4 10. Qxd4 Qxb5 11. Nxb5 Nxd4 12. Nxd4 Bd7 13. Rad1 Rc8
14. c3 b5 15. Nc2 a5 16. a3 Be7 17. Bxe7 Kxe7 18. Rd3 Rc4 19. f4 Rhc8 20. Rff3
Re4 21. b3 h5 22. Nd4 Re1+ 23. Rf1 Re4 24. h4 g6 25. Rdf3 b4 26. axb4 axb4 27.
Rd3 Rxc3 28. Rxc3 bxc3 29. Rd1 Rxf4 30. g3 Re4 31. Nf3 Bb5 32. Nd4 Rxd4 0-1

[Event "X Open"]
[Site "Crema ITA"]
[Date "2008.09.05"]
[Round "1"]
[White "Viviani, Giorgio"]
[Black "Pisani, Valerio"]
[Result "0-1"]
[WhiteElo "1335"]
[BlackElo "1707"]
[PlyCount "62"]
[EventDate "2008.09.05"]

1. Nf3 f5 2. d4 Nf6 3. c4 e6 4. Nc3 Be7 5. e3 O-O 6. Be2 b6 7. O-O Bb7 8. d5
Ne4 9. dxe6 dxe6 10. Qxd8 Bxd8 11. Rd1 Nc6 12. Bd2 Bf6 13. Be1 Rad8 14. Rac1 a6
15. a3 g5 16. Nd2 Ne5 17. Ndxe4 fxe4 18. Nxe4 Bxe4 19. c5 b5 20. Ba5 Rf7 21.
Bh5 Rfd7 22. f4 Nc4 23. Rxd7 Rxd7 24. Bg4 Bf5 25. c6 Re7 26. Bb4 Rg7 27. Bxf5
exf5 28. Rd1 gxf4 29. Bc3 Bxc3 30. Rd8+ Kf7 31. bxc3 Nxe3 0-1

[Event "X Open"]
[Site "Crema ITA"]
[Date "2008.09.05"]
[Round "2"]
[White "Annoni, Riccardo"]
[Black "Biava, Pierluigi"]
[Result "1-0"]
[WhiteElo "2068"]
[BlackElo "1872"]
[PlyCount "57"]
[EventDate "2008.09.05"]

1. e4 c5 2. Nc3 e6 3. Nge2 Nc6 4. g3 a6 5. Bg2 Nf6 6. O-O Be7 7. f4 Qb6 8. h3
c4+ 9. Kh1 d6 10. b3 cxb3 11. axb3 Bd7 12. d4 Nb4 13. Na4 Qc7 14. c3 Nc6 15. e5
Nd5 16. c4 Nb6 17. exd6 Bxd6 18. c5 Nxa4 19. cxd6 Qxd6 20. bxa4 Rc8 21. Ba3 Nb4
22. a5 Bc6 23. Bxc6+ Qxc6+ 24. Kg1 Nd5 25. Rc1 Qd7 26. Qd3 Rxc1 27. Rxc1 Qb5
28. Qxb5+ axb5 29. Rc8+ 1-0

[Event "X Open"]
[Site "Crema ITA"]
[Date "2008.09.05"]
[Round "2"]
[White "Balzano, Aldo"]
[Black "Gerundino, Nicola"]
[Result "1/2-1/2"]
[WhiteElo "1777"]
[BlackElo "1964"]
[PlyCount "60"]
[EventDate "2008.09.05"]

1. d4 Nf6 2. c4 e6 3. Nf3 b6 4. a3 Bb7 5. Nc3 d5 6. cxd5 exd5 7. g3 Bd6 8. Bg2
O-O 9. O-O Re8 10. Bg5 h6 11. Bxf6 Qxf6 12. Qb3 c6 13. Rfe1 Qe6 14. e4 dxe4 15.
Qxe6 Rxe6 16. Rxe4 Rxe4 17. Nxe4 Bc7 18. Ne5 Bxe5 19. dxe5 Bc8 20. Rd1 Bd7 21.
Bf1 Kf8 22. Ba6 Nxa6 23. Rxd7 Nc5 24. Nxc5 bxc5 25. Rc7 Rb8 26. Rxc6 Rxb2 27.
Rxc5 Rb7 28. Kg2 Ke7 29. Kf1 Ke6 30. Ra5 Kf5 1/2-1/2

[Event "X Open"]
[Site "Crema ITA"]
[Date "2008.09.05"]
[Round "2"]
[White "Balzano, Filli"]
[Black "Vishanji, Franz"]
[Result "1-0"]
[WhiteElo "1605"]
[BlackElo "1422"]
[PlyCount "67"]
[EventDate "2008.09.05"]

1. e4 e5 2. Nf3 Nc6 3. d4 exd4 4. Nxd4 Nxd4 5. Qxd4 Nf6 6. Nc3 d6 7. Bc4 c5 8.
Qd1 Be6 9. Bb5+ Bd7 10. Bxd7+ Qxd7 11. O-O Be7 12. f3 O-O 13. Nd5 Nxd5 14. Qxd5
Bf6 15. c3 Rae8 16. Be3 Re5 17. Qd2 b6 18. Rad1 Rd8 19. Bf4 Re6 20. Qf2 Be5 21.
Bxe5 Rxe5 22. Rd3 f5 23. exf5 Qxf5 24. Rfd1 d5 25. Re3 Qf4 26. Rxe5 Qxe5 27.
Qf1 d4 28. Qa6 Rd7 29. Qc8+ Kf7 30. Qxd7+ Kf6 31. cxd4 cxd4 32. Qxd4 Qxd4+ 33.
Rxd4 Ke5 34. Rd7 1-0

[Event "X Open"]
[Site "Crema ITA"]
[Date "2008.09.05"]
[Round "2"]
[White "Barucco, Mattia"]
[Black "Bongiorni, Gabriele"]
[Result "1-0"]
[WhiteElo "2029"]
[BlackElo "1813"]
[PlyCount "161"]
[EventDate "2008.09.05"]

1. e4 c5 2. Nf3 Nc6 3. Bb5 g6 4. O-O Bg7 5. Re1 Qb6 6. a4 a6 7. Bxc6 Qxc6 8.
Nc3 b6 9. d4 cxd4 10. Nxd4 Qd6 11. Be3 Bb7 12. Qd2 Rc8 13. f3 Qc7 14. Qf2 Ba8
15. Ra3 Nf6 16. Nde2 O-O 17. Bxb6 Qc6 18. a5 d6 19. Nf4 Nd7 20. Nfd5 Rfe8 21.
Be3 e6 22. Nb6 Nxb6 23. Bxb6 Qd7 24. Bd4 e5 25. Be3 Bc6 26. Rd1 Bf8 27. Nd5
Bxd5 28. Rxd5 Rc6 29. Rad3 Rec8 30. Rd2 Qe6 31. c3 f5 32. Qe2 f4 33. Bb6 Rc4
34. Qd3 Qf6 35. Rc2 Qh4 36. Bf2 Qe7 37. b3 R4c6 38. c4 Qb7 39. Kf1 Qb4 40. Be1
Qa3 41. Qc3 Rb8 42. Rd3 Rc7 43. Bf2 Qb4 44. Bb6 Qxc3 45. Rdxc3 Rc6 46. Rc1 Be7
47. Ke2 Kf7 48. Rb1 Bd8 49. Bxd8 Rxd8 50. Kd3 Rdc8 51. b4 Ke6 52. Rb2 g5 53.
Rcc2 h5 54. Rc3 g4 55. Kc2 Kd7 56. Kb3 Kc7 57. b5 Rc5 58. Rd2 Kd7 59. Rcd3 axb5
60. Rxd6+ Ke8 61. cxb5 Rxb5+ 62. Ka4 Rb1 63. R6d5 Rcb8 64. Rxe5+ Kf7 65. Rf5+
Ke6 66. Rd3 Ra1+ 67. Ra3 Rab1 68. a6 gxf3 69. gxf3 h4 70. a7 Ra8 71. Ra5 h3 72.
Ra6+ Ke5 73. Rb3 Ra1+ 74. Ra3 Rg1 75. Rd3 Ra1+ 76. Kb5 Rb1+ 77. Kc6 Rb2 78. Kc7
Rb5 79. Rd5+ Rxd5 80. exd5 Kxd5 81. Kb7 1-0

[Event "X Open"]
[Site "Crema ITA"]
[Date "2008.09.05"]
[Round "2"]
[White "Blengino, Luca"]
[Black "Bonade', Massimo"]
[Result "0-1"]
[WhiteElo "1890"]
[BlackElo "2110"]
[PlyCount "80"]
[EventDate "2008.09.05"]

1. d4 Nf6 2. c4 e6 3. Nc3 Bb4 4. a3 Bxc3+ 5. bxc3 c5 6. e3 Nc6 7. Bd3 O-O 8.
Nf3 b6 9. O-O Ba6 10. e4 d6 11. Bg5 e5 12. d5 Na5 13. Nd2 h6 14. Bh4 g5 15. Bg3
Nh7 16. Qh5 Qf6 17. h4 Qg6 18. Qxg6+ fxg6 19. hxg5 hxg5 20. f3 Kg7 21. Kf2 g4
22. Ke3 Nf6 23. Bh4 gxf3 24. gxf3 Nh5 25. Be7 Rfe8 26. Bxd6 Rad8 27. Bc7 Rd7
28. d6 Nb7 29. Bc2 Nxd6 30. Ba4 Rxc7 31. Bxe8 Nxe8 32. Rg1 Nd6 33. Rg5 Kf6 34.
Rg4 Rd7 35. Rh1 Nxc4+ 36. Nxc4 Bxc4 37. Rc1 Rd3+ 38. Kf2 Rd2+ 39. Kg1 Nf4 40.
Kh1 Nd3 0-1

[Event "X Open"]
[Site "Crema ITA"]
[Date "2008.09.05"]
[Round "2"]
[White "Bonade', Giacomo"]
[Black "Panizzi, Giuseppe"]
[Result "0-1"]
[WhiteElo "1847"]
[BlackElo "2101"]
[PlyCount "53"]
[EventDate "2008.09.05"]

1. d4 Nf6 2. Bg5 Ne4 3. Nf3 Nxg5 4. Nxg5 e5 5. Nf3 e4 6. Ne5 d5 7. e3 Be6 8. h3
Bd6 9. Ng4 Nd7 10. Be2 O-O 11. O-O f5 12. Nh2 Qg5 13. f4 exf3 14. Rxf3 Nf6 15.
Nf1 Ne4 16. c4 c6 17. c5 Bc7 18. Qe1 Rf6 19. Nbd2 Rg6 20. g4 Nxd2 21. Qxd2 fxg4
22. hxg4 Bxg4 23. Kf2 Bxf3 24. Bxf3 Rf8 25. Ke2 Rxf3 26. Kxf3 Qg4+ 27. Kf2 0-1

[Event "X Open"]
[Site "Crema ITA"]
[Date "2008.09.05"]
[Round "2"]
[White "Bonazzi, Edoardo"]
[Black "Quagliarella, Sabino Remo"]
[Result "1/2-1/2"]
[WhiteElo "2163"]
[BlackElo "1925"]
[PlyCount "124"]
[EventDate "2008.09.05"]

1. Nf3 Nf6 2. c4 g6 3. Nc3 Bg7 4. e4 d6 5. d4 c6 6. Be2 Nbd7 7. O-O O-O 8. e5
Ne8 9. Bf4 Qa5 10. exd6 exd6 11. Qd2 Ndf6 12. a3 Bg4 13. h3 Bxf3 14. Bxf3 d5
15. cxd5 cxd5 16. Nxd5 Qxd2 17. Ne7+ Kh8 18. Bxd2 Nd6 19. Bf4 Rad8 20. Rac1 Rd7
21. Rfd1 Nfe4 22. Nd5 f5 23. Nc3 Re8 24. Nxe4 Nxe4 25. Bxe4 fxe4 26. Be3 Bf6
27. Rc4 Red8 28. a4 a6 29. b3 Kg8 30. Kf1 Kf7 31. d5 Be5 32. Bb6 Rxd5 33. Rxd5
Rxd5 34. Rxe4 Bb8 35. Rd4 Rxd4 36. Bxd4 Bd6 37. Ke2 Ke6 38. Kd3 Kd5 39. Be3 b5
40. axb5 axb5 41. g4 Be7 42. f3 Bf6 43. Bd2 h5 44. f4 Be7 45. Bc3 hxg4 46. hxg4
Bd6 47. f5 gxf5 48. gxf5 Bf8 49. Ke3 Bh6+ 50. Kf3 Bf8 51. Kf4 Bd6+ 52. Kf3 Bf8
53. Bb2 Bd6 54. Ke3 Bc5+ 55. Kf4 Bd6+ 56. Ke3 Bc5+ 57. Kd3 Bf8 58. Bc3 Bh6 59.
Bf6 Bf8 60. Bd4 Bh6 61. Kc3 Bf8 62. Bf6 Ke4 1/2-1/2

[Event "X Open"]
[Site "Crema ITA"]
[Date "2008.09.05"]
[Round "2"]
[White "Brugo, Marco"]
[Black "Milanesi, Erminio"]
[Result "1-0"]
[WhiteElo "2107"]
[BlackElo "1879"]
[PlyCount "67"]
[EventDate "2008.09.05"]

1. d4 g6 2. e4 Nh6 3. Nc3 d6 4. Bf4 f6 5. Qd2 Nf7 6. Nf3 Bg7 7. h4 c6 8. Bc4 e6
9. O-O-O b5 10. Bd3 b4 11. Ne2 a5 12. e5 dxe5 13. dxe5 Qd5 14. c4 Qc5 15. Be3
Qe7 16. exf6 Bxf6 17. h5 g5 18. Qc2 a4 19. Ng3 h6 20. Ne4 Bg7 21. Bc5 Qb7 22.
Nd6+ Nxd6 23. Bxd6 Bd7 24. Bg6+ Kd8 25. Ne5 b3 26. axb3 Bxe5 27. Bxe5 axb3 28.
Qe2 Qb4 29. Bxh8 Ra1+ 30. Bb1 e5 31. Bxe5 Na6 32. Rxd7+ Kxd7 33. Rd1+ Kc8 34.
Qg4+ 1-0

[Event "X Open"]
[Site "Crema ITA"]
[Date "2008.09.05"]
[Round "2"]
[White "Casale, Anania"]
[Black "Bastianello, Tito"]
[Result "0-1"]
[WhiteElo "1743"]
[BlackElo "1494"]
[PlyCount "62"]
[EventDate "2008.09.05"]

1. d4 Nf6 2. c4 g6 3. Nc3 Bg7 4. e4 d6 5. f3 O-O 6. Be3 e5 7. d5 c6 8. Qd2 cxd5
9. cxd5 a6 10. Bh6 b5 11. Bxg7 Kxg7 12. a3 Qb6 13. Nge2 Nbd7 14. b4 a5 15. Rc1
Ba6 16. Ng3 Qb7 17. h4 axb4 18. axb4 h5 19. Bd3 Rfc8 20. O-O Rc7 21. Nce2 Rac8
22. f4 Ng4 23. f5 Ndf6 24. fxg6 fxg6 25. Nc3 Rxc3 26. Rxc3 Rxc3 27. Qxc3 Qb6+
28. Kh1 Nf2+ 29. Kh2 N6g4+ 30. Kg1 Nxe4+ 31. Kh1 Nxg3# 0-1

[Event "X Open"]
[Site "Crema ITA"]
[Date "2008.09.05"]
[Round "2"]
[White "Castrogiovanni, Carlo"]
[Black "Oteri, Aldo"]
[Result "1/2-1/2"]
[WhiteElo "2055"]
[BlackElo "1844"]
[PlyCount "56"]
[EventDate "2008.09.05"]

1. d4 Nf6 2. c4 e6 3. Nf3 d5 4. Nc3 c5 5. cxd5 Nxd5 6. e3 Nc6 7. Be2 cxd4 8.
exd4 Be7 9. O-O O-O 10. Qb3 Nxc3 11. bxc3 b6 12. Ba3 Bb7 13. Rfd1 Rc8 14. Rac1
Na5 15. Qb2 Nc4 16. Bxc4 Rxc4 17. Nd2 Ra4 18. Bxe7 Qxe7 19. f3 Qa3 20. Qxa3
Rxa3 21. Rc2 Bd5 22. c4 Rc8 23. Rdc1 Bb7 24. Kf2 Ra5 25. Ne4 Bxe4 26. fxe4 Kf8
27. Rd1 Ke7 28. Ke3 f6 1/2-1/2

[Event "X Open"]
[Site "Crema ITA"]
[Date "2008.09.05"]
[Round "2"]
[White "Cattaneo, Dario"]
[Black "Carbone, Lorenzo"]
[Result "0-1"]
[WhiteElo "1517"]
[BlackElo "1767"]
[PlyCount "154"]
[EventDate "2008.09.05"]

1. d4 d5 2. c4 e6 3. Nc3 Nf6 4. Nf3 Nbd7 5. cxd5 exd5 6. Bg5 Be7 7. e3 O-O 8.
Bd3 b6 9. O-O Bb7 10. Bxf6 Nxf6 11. Qc2 c5 12. Rac1 Re8 13. Bb5 Rf8 14. Bd3 a6
15. Ng5 h6 16. Nh7 Nxh7 17. Bxh7+ Kh8 18. Bd3 Bd6 19. Rfe1 Qh4 20. g3 Qf6 21.
Rcd1 Rae8 22. Bf1 cxd4 23. Rxd4 Qxd4 24. exd4 Rxe1 25. Nd1 Re4 26. Qd3 Rfe8 27.
Nc3 Rc8 28. Kg2 b5 29. Be2 Rd8 30. Bf3 Ree8 31. Bxd5 Bxd5+ 32. Nxd5 Bxg3 33.
hxg3 Rxd5 34. Kf3 f6 35. Kf4 f5 36. Kf3 Re4 37. Qc3 Rexd4 38. Qc8+ Kh7 39. Qxa6
Rd3+ 40. Kg2 R3d4 41. b3 Rd2 42. Qc6 Re5 43. a4 bxa4 44. bxa4 Rd4 45. Qc3 Rdd5
46. Qc2 Ra5 47. g4 Rec5 48. Qb1 h5 49. gxf5 Rxf5 50. Kg3 Kh6 51. Qb6+ g6 52.
Qb3 Rg5+ 53. Kh3 Raf5 54. Qc3 Rg4 55. Qh8+ Kg5 56. Qd8+ Kh6 57. Qh8+ Kg5 58.
Qd8+ Rf6 59. a5 Rgf4 60. Qd2 h4 61. f3 Kh5 62. Kg2 Rxf3 63. Qe2 h3+ 64. Kh2 Kh4
65. Qe4+ R6f4 66. Qe7+ g5 67. Qh7+ Kg4 68. Qd7+ Rf5 69. Qd4+ R3f4 70. Qd1+ Kh4
71. Qe1+ Rf2+ 72. Kg1 h2+ 73. Kh1 Kh3 74. Qc3+ R5f3 75. Qh8+ Kg3 76. Qb8+ Rf4
77. Qb3+ R2f3 0-1

[Event "X Open"]
[Site "Crema ITA"]
[Date "2008.09.05"]
[Round "2"]
[White "Distratis, Gianluca"]
[Black "Bertoletti, Vincenzo"]
[Result "1-0"]
[WhiteElo "1873"]
[BlackElo "1466"]
[PlyCount "49"]
[EventDate "2008.09.05"]

1. e4 d5 2. exd5 Nf6 3. d4 Nxd5 4. c4 Nf6 5. Nf3 e6 6. Nc3 Bb4 7. Bd3 O-O 8.
O-O a6 9. Bg5 Be7 10. Bc2 h6 11. Bh4 Nbd7 12. Qd3 Re8 13. Ne5 Nf8 14. Rae1 N6d7
15. Bxe7 Rxe7 16. f4 c5 17. d5 Nxe5 18. fxe5 exd5 19. cxd5 Qb6 20. Kh1 g6 21.
e6 fxe6 22. Rxf8+ Kxf8 23. Qxg6 Qc7 24. d6 Qxd6 25. Rf1+ 1-0

[Event "X Open"]
[Site "Crema ITA"]
[Date "2008.09.05"]
[Round "2"]
[White "Ficco, Corrado"]
[Black "Bastianello, Federico"]
[Result "1-0"]
[WhiteElo "2141"]
[BlackElo "1455"]
[PlyCount "215"]
[EventDate "2008.09.05"]

1. e4 e6 2. d4 d5 3. Nd2 c5 4. exd5 Qxd5 5. Ngf3 cxd4 6. Bc4 Qd6 7. O-O Nc6 8.
Nb3 Nf6 9. Nbxd4 Nxd4 10. Nxd4 a6 11. b3 Qc7 12. Bb2 Bd6 13. h3 O-O 14. Qe2 b5
15. Bd3 Bb7 16. Nf3 Bxf3 17. Qxf3 Bh2+ 18. Kh1 Be5 19. Bxe5 Qxe5 20. Rfe1 Qd5
21. Qf4 Rfd8 22. Rad1 Qc6 23. c4 bxc4 24. Bxc4 Nd5 25. Qf3 Ne7 26. Rxd8+ Rxd8
27. Qxc6 Nxc6 28. Bxa6 Nb4 29. Bb7 Nxa2 30. Ra1 Nb4 31. Kg1 Kf8 32. Ra8 Rxa8
33. Bxa8 Ke7 34. Kf1 Kd6 35. Ke2 Kc5 36. Ke3 Na2 37. g4 Nc1 38. Be4 g6 39. Bc2
Kb4 40. Kd4 f6 41. g5 f5 42. Ke5 Nxb3 43. Bxb3 Kxb3 44. Kxe6 Kc3 45. Kf6 Kd3
46. Kg7 Ke2 47. Kxh7 Kxf2 48. Kxg6 f4 49. Kh5 f3 50. g6 Ke3 51. g7 f2 52. g8=Q
f1=Q 53. Qe6+ Kd2 54. Qd5+ Kc3 55. Qc5+ Kd2 56. Qd4+ Kc2 57. Qe4+ Kd2 58. h4
Kc3 59. Kg4 Qg1+ 60. Kh3 Qa7 61. Qf3+ Kc4 62. Qe4+ Kb5 63. Qd5+ Kb4 64. h5 Qe3+
65. Kg4 Qg1+ 66. Kf4 Qh2+ 67. Kg5 Qg3+ 68. Kf5 Qh3+ 69. Kg6 Qg3+ 70. Kf6 Qh4+
71. Qg5 Qf2+ 72. Qf5 Qh4+ 73. Ke5 Qe7+ 74. Kf4 Qc7+ 75. Qe5 Qc1+ 76. Kf5 Qc8+
77. Kg5 Qd8+ 78. Kg4 Qd7+ 79. Qf5 Qd1+ 80. Kf4 Qd6+ 81. Qe5 Qf8+ 82. Ke3 Qg8
83. Qe4+ Kb5 84. Qf5+ Kb4 85. Kf4 Qb8+ 86. Kf3 Qd8 87. Qf4+ Kb5 88. Qf5+ Kb4
89. Qe5 Qd1+ 90. Kf4 Qf1+ 91. Kg5 Qg2+ 92. Kf6 Qc6+ 93. Kf5 Qd7+ 94. Qe6 Qh7+
95. Kg5 Qg7+ 96. Kh4 Qh8 97. h6 Qd8+ 98. Kh5 Qb8 99. Qe4+ Kc5 100. Qc2+ Kd5
101. Qd3+ Kc5 102. Qf5+ Kc4 103. h7 Qh2+ 104. Kg4 Qg2+ 105. Kf4 Qd2+ 106. Ke5
Qd4+ 107. Ke6 Qe3+ 108. Kf6 1-0

[Event "X Open"]
[Site "Crema ITA"]
[Date "2008.09.05"]
[Round "2"]
[White "Fizzotti, Mario"]
[Black "Della Ragione, Achille"]
[Result "1/2-1/2"]
[WhiteElo "1837"]
[BlackElo "2033"]
[PlyCount "123"]
[EventDate "2008.09.05"]

1. d4 d5 2. Nf3 Bf5 3. c4 Bxb1 4. Rxb1 c6 5. Qb3 Qb6 6. Qc3 e5 7. c5 exd4 8.
cxb6 dxc3 9. bxc3 a6 10. g3 Bc5 11. Ne5 Nd7 12. Nxd7 Kxd7 13. Bh3+ Ke7 14. O-O
Nf6 15. Rb3 Rhe8 16. Bg5 h6 17. Bxf6+ Kxf6 18. e3 Re4 19. Rd1 Ra4 20. Rd2 Re8
21. Kf1 g5 22. Bd7 Rd8 23. Bh3 g4 24. Bg2 Re8 25. Ke2 Re7 26. h3 h5 27. h4 Ra5
28. Rdb2 Rb5 29. a4 Ra5 30. Ra2 Re6 31. Kd3 Ke7 32. Bh1 Kd7 33. Bg2 Re5 34. Rb4
Be7 35. Rf4 f6 36. Bh1 f5 37. Kd4 Bf6 38. Kd3 Bd8 39. Rb4 c5 40. Rb1 c4+ 41.
Kc2 Re6 42. Rab2 Rd6 43. Rb4 Ke6 44. Bg2 Be7 45. Ra1 Rc6 46. Ra2 Kd7 47. Ra1
Re6 48. Ra2 f4 49. Kd2 fxe3+ 50. fxe3 Bd6 51. e4 Bxg3 52. exd5 Rd6 53. Rxc4
Rxb6 54. Rb4 Kc7 55. Rab2 Rxb4 56. Rxb4 Bxh4 57. Re4 Rxd5+ 58. Kc2 Rd7 59. Re5
Re7 60. Rxh5 Re2+ 61. Kb3 Rxg2 62. Rxh4 1/2-1/2

[Event "X Open"]
[Site "Crema ITA"]
[Date "2008.09.05"]
[Round "2"]
[White "Giassi, Roberto"]
[Black "Stradiotti, Maurizio"]
[Result "0-1"]
[WhiteElo "1461"]
[BlackElo "1697"]
[PlyCount "90"]
[EventDate "2008.09.05"]

1. e4 e6 2. d4 d5 3. e5 c5 4. Nf3 Nc6 5. Be3 cxd4 6. Nxd4 Nxe5 7. Nd2 Nf6 8. h3
Be7 9. f4 Nc6 10. N2f3 Ne4 11. Bd3 Bh4+ 12. Kf1 Ng3+ 13. Kg1 Nxh1 14. Kxh1 Bf6
15. c3 Bd7 16. Qb3 Qc7 17. Nb5 Qb8 18. Qa3 Be7 19. Bc5 a6 20. Nd6+ Kf8 21. Ng5
g6 22. Ndxf7 Rg8 23. Ne5 Qc7 24. Nxh7+ Kg7 25. Bxe7 Kxh7 26. Bd6 Qd8 27. Nf7
Qf6 28. Ng5+ Kh6 29. Rf1 e5 30. h4 e4 31. Be2 Rae8 32. Qb3 Rg7 33. Qxd5 Ne7 34.
Qe5 Qxe5 35. Bxe5 Nf5 36. Kh2 Rge7 37. Nxe4 Nxh4 38. Nd6 Rf8 39. g3 Nf5 40. Re1
Bc6 41. g4 Nh4 42. g5+ Kh7 43. Kg3 Nf5+ 44. Kf2 Rxe5 45. Nxf5 Rfxf5 0-1

[Event "X Open"]
[Site "Crema ITA"]
[Date "2008.09.05"]
[Round "2"]
[White "Gonella, Daniele"]
[Black "Attolico, Donato"]
[Result "1-0"]
[WhiteElo "1739"]
[BlackElo "1476"]
[PlyCount "151"]
[EventDate "2008.09.05"]

1. e4 g6 2. d4 Bg7 3. Nc3 d6 4. Bg5 h6 5. Be3 e6 6. Qd2 Nd7 7. Bc4 b6 8. Bb5
Ne7 9. Nge2 a6 10. Bd3 Bb7 11. O-O Nf6 12. h3 g5 13. f3 Ng6 14. f4 gxf4 15.
Nxf4 Nd7 16. Nxg6 fxg6 17. e5 Nf8 18. Qf2 Qe7 19. Ne4 O-O-O 20. Qf7 Rd7 21.
Qxe7 Rxe7 22. exd6 cxd6 23. Nxd6+ Kb8 24. Rf7 Rxf7 25. Nxf7 Rh7 26. Rf1 Kc7 27.
Nxh6 Kd8 28. Nf7+ Kd7 29. Ng5 Bh6 30. Nxh7 Bxe3+ 31. Kh1 Nxh7 32. Rf7+ Kc8 33.
Rxh7 Bxd4 34. c3 Bf2 35. Bxg6 Bd5 36. b3 Kd8 37. h4 e5 38. h5 e4 39. Rh8+ Ke7
40. Re8+ Kd7 41. h6 Be1 42. h7 Bxc3 43. h8=Q Bxh8 44. Rxh8 Kd6 45. Rd8+ Ke5 46.
Rxd5+ Kxd5 47. g4 Ke5 48. Bxe4 Kxe4 49. Kg2 Kf4 50. Kh3 Kg5 51. Kg3 Kg6 52. Kf4
Kf6 53. b4 Kg6 54. a4 Kf6 55. g5+ Ke6 56. g6 Ke7 57. Ke5 b5 58. axb5 axb5 59.
Kd5 Kf6 60. Kc5 Kxg6 61. Kxb5 Kf6 62. Kc6 Ke7 63. Kc7 Ke6 64. b5 Kd5 65. b6 Kc5
66. b7 Kd5 67. b8=R Kc5 68. Rd8 Kc4 69. Kc6 Kb4 70. Rd4+ Kc3 71. Kc5 Kb3 72.
Rd3+ Kc2 73. Kc4 Kb2 74. Rd2+ Ka3 75. Re2 Ka4 76. Ra2# 1-0

[Event "X Open"]
[Site "Crema ITA"]
[Date "2008.09.05"]
[Round "2"]
[White "Guzzetti, Luigi Enrico"]
[Black "Cautiero, Pietro"]
[Result "1/2-1/2"]
[WhiteElo "1739"]
[BlackElo "1900"]
[PlyCount "36"]
[EventDate "2008.09.05"]

1. e4 d6 2. d4 e6 3. Bd3 d5 4. Nf3 dxe4 5. Bxe4 f5 6. Bd3 c5 7. c3 Nc6 8. O-O
cxd4 9. cxd4 Nf6 10. Nc3 Be7 11. Re1 O-O 12. Bc4 Nd5 13. Qe2 Bf6 14. Be3 Re8
15. Rad1 b5 16. Bb3 Na5 17. Nxd5 exd5 18. Qd3 Nc4 1/2-1/2

[Event "X Open"]
[Site "Crema ITA"]
[Date "2008.09.05"]
[Round "2"]
[White "Maccarini, Luca Nicola"]
[Black "Folcini, Gaddo"]
[Result "0-1"]
[WhiteElo "1920"]
[BlackElo "1516"]
[PlyCount "48"]
[EventDate "2008.09.05"]

1. d4 e5 2. dxe5 Nc6 3. Nf3 d5 4. g3 Bg4 5. Bg2 Qd7 6. O-O O-O-O 7. Bg5 Be7 8.
Bxe7 Ngxe7 9. c3 Bxf3 10. exf3 Nxe5 11. f4 N5g6 12. Qb3 h5 13. Na3 h4 14. c4
hxg3 15. fxg3 Rh5 16. cxd5 Nxd5 17. Rfd1 c6 18. Rac1 Kb8 19. Rc5 Nge7 20. Nc4
b6 21. Ne5 Qd6 22. Nxc6+ Nxc6 23. Rcxd5 Rxd5 24. Qxd5 Qc5+ 0-1